Dioniso y la diosa tierra : mito y culto

La «materia prima» del dionisismo es un sistema religioso muy antiguo situado bajo la tutela de la diosa Tierra. También otras divinidades conservan el mismo fondo bajo una apariencia de rituales secretos exclusivamente femeninos. Pero bajo esta forma, la religión de Tierra es, además de «salvada»,...

Full description

Bibliographic Details
Main Author: Daraki, Maria 1931-
Format: Libro
Language:Spanish
Published: Madrid : Abada, 2005.
Series:Lecturas de historia. Historia antigua.
Subjects:
Online Access:

MARC

LEADER 00000cam a22000007a 4500
003 UAHC
005 20200113124241.0
008 190912s2005 sp |||| |||| 00| 0 spa |
952 |0 0  |1 0  |2 ddc  |4 0  |6 938_000000000000000_DAR  |7 0  |8 COMP  |9 93216  |a BC  |b BC  |c General  |d 2020-01-13  |l 0  |o 938 DAR  |p 1471462  |r 2026-01-13 00:00:00  |t c.1  |w 2020-01-13  |x OC: 2211 / FAC: 158226  |y BK  |A 162  |B 38 
999 |c 52939  |d 52939 
020 |a 8496258432 
035 |a CENTRAL 
040 |a UAHC_CL  |c UAHC_CL  |d UAHC_CL 
082 |2 21  |a 938  |b D213 
100 |9 10403  |a Daraki, Maria  |d 1931- 
245 |a Dioniso y la diosa tierra :  |b mito y culto  |c Maria Daraki. 
260 |a Madrid :  |b Abada,  |c 2005. 
300 |a 316 p. 
440 |9 10404  |a Lecturas de historia. Historia antigua. 
520 |a La «materia prima» del dionisismo es un sistema religioso muy antiguo situado bajo la tutela de la diosa Tierra. También otras divinidades conservan el mismo fondo bajo una apariencia de rituales secretos exclusivamente femeninos. Pero bajo esta forma, la religión de Tierra es, además de «salvada», marginada: se ve relegada al ámbito de las mujeres. Dioniso, en cambio, se da a todos. Gracias a él, Grecia dispondrá de su pasado lejano no sólo como un rescoldo, sino como una llama maravillosa. 
650 0 |9 9348  |a Dionisos (Deidad griega) 
650 0 |9 9349  |a Mitología griega 
942 |2 ddc  |c BK